Normal view
MARC view
- Elahi ,Muhammad Umar
Entry Personal Name
001 - CONTROL NUMBER
- control field: 122371
003 - CONTROL NUMBER IDENTIFIER
- control field: NUST
005 - DATE AND TIME OF LATEST TRANSACTION
- control field: 20240418104253.0
008 - FIXED-LENGTH DATA ELEMENTS
- fixed length control field: 240418|| aca||aabn | a|a d
040 ## - CATALOGING SOURCE
- Original cataloging agency: NUST
- Transcribing agency: NUST
100 ## - HEADING--PERSONAL NAME
- Personal name: Elahi ,Muhammad Umar
670 ## - SOURCE DATA FOUND
- Source citation: Work cat.: (NUST): Elahi ,Muhammad Umar, Development of Continuous Drive Friction Welding (CDFW) model in ABAQUS for AA 6061-T6 alloy to verify experimental results and to predict behavior of similar and dissimilar alloys AA 6061-5083 /
